Normal view
MARC view
- Dr Shoab Ahmed Khan
Entry Corporate Name
001 - CONTROL NUMBER
- control field: 91240
003 - CONTROL NUMBER IDENTIFIER
- control field: NUST
005 - DATE AND TIME OF LATEST TRANSACTION
- control field: 20220427110903.0
008 - FIXED-LENGTH DATA ELEMENTS
- fixed length control field: 220427|| aca||aabn | a|a d
040 ## - CATALOGING SOURCE
- Original cataloging agency: NUST
- Transcribing agency: NUST
110 ## - HEADING--CORPORATE NAME
- Corporate name or jurisdiction name as entry element: Dr Shoab Ahmed Khan
670 ## - SOURCE DATA FOUND
- Source citation: Work cat.: (NUST): Muhammed Salman Rashed 91239, TH-SOF-0787-A Parallel Architecture for Giga Bit Lossless Data Compression, 2013.
